Business communication : (Record no. 140793)

MARC details
000 -LEADER
fixed length control field 00691cam a2200229 a 4500
008 - FIXED-LENGTH DATA ELEMENTS--GENERAL INFORMATION
fixed length control field
020 ## - INTERNATIONAL STANDARD BOOK NUMBER
International Standard Book Number 0030018986 (hbk.)
049 ## - LOCAL HOLDINGS (OCLC)
Holding library MAIN
090 ## - LOCALLY ASSIGNED LC-TYPE CALL NUMBER (OCLC); LOCAL CALL NUMBER (RLIN)
Classification number (OCLC) (R) ; Classification number, CALL (RLIN) (NR) HF5718
Local cutter number (OCLC) ; Book number/undivided call number, CALL (RLIN) BOW
003 - CONTROL NUMBER IDENTIFIER
control field
005 - DATE AND TIME OF LATEST TRANSACTION
control field 20230123125408.0
040 ## - CATALOGING SOURCE
Transcribing agency NUST
100 1# - MAIN ENTRY--PERSONAL NAME
Personal name Bowman, Joel P.
245 10 - TITLE STATEMENT
Title Business communication :
Remainder of title from process to product /
Statement of responsibility, etc. Joel P. Bowman and Bernadine P. Branchaw.
260 ## - PUBLICATION, DISTRIBUTION, ETC.
Place of publication, distribution, etc. Chicago :
Name of publisher, distributor, etc. Dryden Press,
Date of publication, distribution, etc. c1987.
300 ## - PHYSICAL DESCRIPTION
Extent xvii, 663 p. :
Other physical details ill. ;
Dimensions 24 cm.
500 ## - GENERAL NOTE
General note Includes index.
650 #0 - SUBJECT ADDED ENTRY--TOPICAL TERM
Topical term or geographic name entry element Business communication.
700 1# - ADDED ENTRY--PERSONAL NAME
Personal name Branchaw, Bernadine P.
907 ## - LOCAL DATA ELEMENT G, LDG (RLIN)
a .b10308222
b 19-07-12
c 17-02-12
942 ## - ADDED ENTRY ELEMENTS (KOHA)
Koha item type Ordinary Loan Books
Call number prefix HF5718
Call number suffix BOW
Holdings
Date last seen Total Checkouts Full call number Barcode Cost, replacement price Price effective from Koha item type Lost status Source of classification or shelving scheme Damaged status Not for loan Collection Withdrawn status Home library Current library Shelving location Date acquired Cost, normal purchase price
01/23/2023 8 HF5718 BOW 92004020208 80.00 01/23/2023 BOOKS   LCC     NFIC   MAIN MAIN GEN 01/23/2023 80.00